| 000 | 00665nam a2200157 a 4500 | ||
|---|---|---|---|
| 008 | 091001s2000 ||||||||||||||||| || u | ||
| 050 | _aACU(02)2000/1 | ||
| 110 | _aAssociation of Commonwealth Universities | ||
| 245 | 1 | 0 |
_aInternational awards: Scholarships, Fellowships, Research grants _cBy Association of Commonwealth Universities (ACU) |
| 260 |
_aLondon: _bACU _c2000 |
||
| 300 | _a383p. | ||
| 350 | _a0.00 | ||
| 650 | _aMANAGEMENT INFORMATION SYSTEMS | ||
| 650 | _aCOMMONWEALTH UNIVERSITIES--AWARDS | ||
| 995 |
_D0.00 _FCBU-MAIN LIBRARY (Kitwe) _H1 _I0.00 _M1 _UAVAILABLE _WOct 1, 2009 _ZInternational Publications |
||
| 999 |
_c47286 _d47286 |
||